Statistics for Name the Star Trek character

Click here to take the quiz!

General Stats

  • This quiz has been taken 463 times
  • The average score is 15 of 52

Answer Stats

HintAnswer% Correct
Dr McCoy's Nurse in the Original SeriesChristine Chapel
78%
Son of Deep Space Nine's CaptainJake Sisko
68%
Botanist who marries Miles O'BrienKeiko Ishikawa
66%
Ninth host of the Dax SymbiontEzri Tigan
63%
Second Officer and Chief Engineer of the original series EnterpriseMontgomery Scott
61%
^His predecessorGowron
60%
Second Officer of USS VoyagerLieutenant Commander Tuvok
58%
Original Enterprise-D Security Chief, killed by Armus on Vagra IINatasha Yar
56%
Holodeck obsessed engineer, later instrumental in the Voyager Pathfinder ProjectLieutenant Reginald Barclay
55%
Ambitious, ultimately traitorous Bajoran religious leaderKai Winn Adami
50%
Main Vorta diplomat and leaderWeyoun
50%
Current Klingon ChancellorMartok
49%
Spock's MotherAmanda Grayson
47%
Seventh host of the Dax symbiontCurzon
42%
Mother of Kirk's son, DavidDoctor Carol Marcus
42%
Human archaeologist and sometime romantic interest of PicardVash
38%
Human name of Seven of NineAnnika Hansen
37%
Picard clone created by the RomulansShinzon
36%
22nd Century geneticist encountered by the Enterprise NX-01Arik Soong
35%
Cardassian agent who infiltrated the Maquis and Voyager, later to ally herself with the Kazon-NistrimSeska
35%
Head Nurse of the Enterprise-D under Dr CrusherAlyssa Ogawa
34%
Armoury Officer aboard the Enterprise NX-01Lieutenant Malcolm Reed
34%
Elder half-brother of SpockSybok
34%
Member of the Andorian Imperial Guard who became an ally and friend of Captain ArcherThy'lek Shran
32%
Captain of the Enterprise in "The Motion Picture"Willard Decker
32%
Worf's younger brotherKurn
31%
Brunali ex-Borg, adopted by USS VoyagerIcheb
26%
Micro-managing Captain of the Enterprise-D while Picard was on an undercover missionCaptain Edward Jellico
24%
Ally of Zephram Cochrane who was beamed aboard a Borg-infested Enterprise-ELily Sloane
23%
First Captain of the USS Enterprise NCC-1701Robert April
23%
Klingon Chancellor Gorkon's traitorous Chief of StaffGeneral Chang
22%
Current Bajoran First MinisterShakaar Edon
20%
Betazoid USS Voyager crewman who was a murdererCrewman Lon Suder
16%
Identity given to Khan by Admiral Marcus in "Into Darkness"John Harrison
15%
Adoptive older human brother of WorfNikolai Rozhenko
15%
Klingon Captain who orders the murder of Kirk's son, DavidCommander Kruge
14%
Second wife of Spock's father, SarekPerrin
12%
Daughter of Klingon Chancellor Gorkon, elevated to Chancellor upon his deathAzetbur
11%
Most Senior Enterprise Doctor after McCoyDoctor M'Benga
10%
Enterprise helmsman killed by Kirk on Delta VegaLieutenant Commander Gary Mitchell
10%
330+ year old Ba'ku and brief love interest of PicardAnij
9%
MACO Commanding Officer aboard the Enterprise NX-01Major Hayes
9%
Sister-in-law of PicardMarie
9%
Assistant Director of the Cetacean Institute and protector of George and GracieDoctor Gillian Taylor
8%
Commanding Officer of the USS Reliant in The Wrath of KhanCaptain Clark Terrell
7%
Caitian Communications Officer aboard the Enterprise in the Animated SeriesLieutenant M'Ress
7%
Dominion War-era Federation President during the attempted coup by Admiral LeytonPresident Jaresh-Inyo
7%
Federation Ambassador trapped on Nimbus III during "The Final Frontier"St John Talbot
5%
Commanding Officer of the USS Kelvin in "Star Trek" who is killed aboard Nero's shipCaptain Richard Robau
4%
Original USS Voyager First Officer before ChakotayLieutenant Commander Cavit
4%
Romulan Leader assassinated by a thalaron radiation device in "Nemesis"Praetor Hiren
1%
Pilot obsessed with killing a ship-devouring protoplasmic space entity who helps Seven save VoyagerQatai
1%

Score Distribution

Percentile by Number Answered

Percent of People with Each Score

Your Score History

You have not taken this quiz